000 00292nam a22001337a 4500
008 170526b xxu||||| |||| 00| 0 eng d
020 _a071549059552
041 _aeng
080 _a621.3
100 _a25
101 _aIM
245 _aBASIC WIRING TECHNIQUES
_cSMITH, CH
942 _2udc
_cBK
999 _c14429
_d14429